Un muchacho de Georgia / (Registro nro. 12562)

Detalles MARC
000 -LIDER
fixed length control field 00788nam a22002891 4500
001 - NÚMERO DE CONTROL
Identificador de número de control bimo0000667556
003 - IDENTIFICACDOR DE NÚMERO DE CONTROL
control field DO-SdBNP
005 - DATE AND TIME OF LATEST TRANSACTION
control field 20180206113722.0
008 - ELEMENTOS DE LONGITUD FIJA
fixed length control field 900725s1961 sp spa
016 7# - NO. DE CONTROL DE LA AGENCIA BIB. NACIONAL
Source BPMSU
017 ## - NÚMERO DE REGISTRO DE DERECHOS DE AUTOR
Copyright or legal deposit number
Assigning agency
035 ## - NÚMERO LOCAL
System control number
040 ## - FUENTE DE CATALOGACIÓN
Agencia que crea de manera original el registro BPMSU
Idioma de catalogación spa
Agencia que realiza la transcripción BPMSU
041 1# - CÓDIGOS DE OBRAS TRADUCIDAS O EN VARIOS IDIOMAS
Código del idioma del texto/archivo de sonido o separata spa
080 #0 - NÚMERO DE CLASIFICACIÓN DECIMAL UNIVERSAL
Universal Decimal Classification number
100 1# - ASIENTO PRINCIPAL -- NOMBRE PERSONAL
Nombre personal Rubio, Miguel
Fechas asociadas con el nombre 1961-
245 13 - MENCIÓN DE TITULO
Título Un muchacho de Georgia /
Medio (Designación general de material)
Mención de responsabilidad Erskine, Caldwell ; versión de Miguel Rubio
260 ## - PUBLICACIÓN, DISTRIBUCIÓN, ETC. (PIE DE IMPRENTA)
Lugar de publicación, distribución, etc Barcelona :
Nombre del editor, distribuidor, etc. Luis de Caralt,
Fecha de publicación, distribución, etc 1961
Lugar de impresión
300 ## - DESCRIPCIÓN FÍSICA
Extensión 194 p., 3 h.
Dimensiones 21 cm
490 0# - MENCIÓN DE SERIES
Mención de serie "Gigante"
700 1# - ASIENTO SECUNDARIO -- NOMBRE PERSONAL
Nombre personal Rubio, Miguel
Fechas asociadas con el nombre 1943-
700 1# - ASIENTO SECUNDARIO -- NOMBRE PERSONAL
Nombre personal Caldwell, Erskine
Fechas asociadas con el nombre 1903-1987
830 ## - ASIENTO SECUNDARIO DE SERIE--TÍTULO UNIFORME
Título uniforme "Gigante"
942 ## - ADDED ENTRY ELEMENTS (KOHA)
Source of classification or shelving scheme Dewey Decimal Classification
Koha item type Libros
945 ## - INFORMACIÓN DE PROCESAMIENTO LOCAL
Información de procesamiento local Inventariado, 2018 / BT
956 ## - LOCAL ELECTRONIC LOCATION AND ACCESS (OCLC)
Nombre de host VMATEO
Información de compresión 10
Trayectoria 20170224
Nombre Electrónico BPMSU
Procesador de solicitud 0069
Existencias
Withdrawn status Lost status Source of classification or shelving scheme Damaged status Not for loan Collection code Home library Current library Date acquired Source of acquisition Total Checkouts Barcode Date last seen Price effective from Koha item type
    Dewey Decimal Classification     Colección Juvenil General Biblioteca Pública Metropolitana Salomé Ureña Biblioteca Pública Metropolitana Salomé Ureña 02/24/2017 Sin sellar   BPMSU17020058 02/24/2017 02/24/2017 Libros